Captain Underpants and the wrath of the wicked Wedgie Woman (Record no. 28194)

MARC details
000 -LEADER
fixed length control field 02136cim a2200577Mi 4500
001 - CONTROL NUMBER
control field 1080606657
003 - CONTROL NUMBER IDENTIFIER
control field OCoLC
005 - DATE AND TIME OF LATEST TRANSACTION
control field 20230623103104.0
006 - FIXED-LENGTH DATA ELEMENTS--ADDITIONAL MATERIAL CHARACTERISTICS
fixed length control field m jo h
008 - FIXED-LENGTH DATA ELEMENTS--GENERAL INFORMATION
fixed length control field 181029t 2001nyuannnj z n eng d
020 ## - INTERNATIONAL STANDARD BOOK NUMBER
International Standard Book Number 0439050006
020 ## - INTERNATIONAL STANDARD BOOK NUMBER
International Standard Book Number 78073004997
024 ## - OTHER STANDARD IDENTIFIER
Standard number or code 78073004997
035 ## - SYSTEM CONTROL NUMBER
System control number (OCoLC)1080606657
037 ## - SOURCE OF ACQUISITION
Stock number 0023086616
Source of stock number/acquisition Baker & Taylor
Terms of availability https://axis360.baker-taylor.com
040 ## - CATALOGING SOURCE
Original cataloging agency TOH
Language of cataloging eng
Description conventions rda
-- pn
Transcribing agency TOH
Modifying agency OCLCO
-- MLSOD
-- OCLCO
-- OCLCQ
-- OCLCA
-- OCLCO
-- GCmBT
041 ## - LANGUAGE CODE
Language code of text/sound track or separate title eng
050 #4 - LIBRARY OF CONGRESS CALL NUMBER
Classification number PZ7.P63123
Item number Caw 2018
082 04 - DEWEY DECIMAL CLASSIFICATION NUMBER
Classification number [Fic]
Edition number 23
099 #9 - LOCAL FREE-TEXT CALL NUMBER (OCLC)
Filing suffix AXIS360 EAUDIOBOOK J
Classification number FICTION
100 1# - MAIN ENTRY--PERSONAL NAME
Personal name Pilkey, Dav,
Dates associated with a name 1966-
Relator term author.
245 10 - TITLE STATEMENT
Title Captain Underpants and the wrath of the wicked Wedgie Woman
Medium /
Statement of responsibility, etc. the fifth epic novel by Dav Pilkey ; with color by Jose Garibaldi.
260 ## - PUBLICATION, DISTRIBUTION, ETC. (IMPRINT)
Place of publication, distribution, etc. New York, NY :
Name of publisher, distributor, etc. Scholastic, Inc.,
Date of publication, distribution, etc. c2001.
264 #1 - PRODUCTION, PUBLICATION, DISTRIBUTION, MANUFACTURE, AND COPYRIGHT NOTICE
Place of production, publication, distribution, manufacture New York, NY :
Name of producer, publisher, distributor, manufacturer Scholastic, Inc.,
Date of production, publication, distribution, manufacture, or copyright notice [2018]
264 #4 - PRODUCTION, PUBLICATION, DISTRIBUTION, MANUFACTURE, AND COPYRIGHT NOTICE
Date of production, publication, distribution, manufacture, or copyright notice c2001.
300 ## - PHYSICAL DESCRIPTION
Extent 165 p. :
Other physical details ill. ;
Dimensions 20 cm.
336 ## - CONTENT TYPE
Content type term spoken word
Content type code spw
Source rdacontent.
337 ## - MEDIA TYPE
Media type term computer
Media type code c
Source rdamedia.
338 ## - CARRIER TYPE
Carrier type term online resource
Carrier type code cr
Source rdacarrier.
347 ## - DIGITAL FILE CHARACTERISTICS
File type audio file
Source rda.
385 ## - AUDIENCE CHARACTERISTICS
Audience term Juvenile
Source tlctarget.
440 ## - SERIES STATEMENT/ADDED ENTRY--TITLE
Title Captain Underpants ;
Number of part/section of a work #5
500 ## - GENERAL NOTE
General note "Now in full color."
500 ## - GENERAL NOTE
General note Electronic audio file.
511 0# - PARTICIPANT OR PERFORMER NOTE
Participant or performer note Read by Len Forgione.
520 ## - SUMMARY, ETC.
Summary, etc. When Harold and George turn fourth-grade teacher Ms. Ribble into the evil Wedgie Woman, she gives the wedgie of doom to unsuspecting people who stand in her way--including principal-turned-superhero Captain Underpants.
650 #0 - SUBJECT ADDED ENTRY--TOPICAL TERM
Topical term or geographic name as entry element Imagination
Form subdivision Juvenile fiction.
650 #0 - SUBJECT ADDED ENTRY--TOPICAL TERM
Topical term or geographic name as entry element Schools
Form subdivision Juvenile fiction.
650 #0 - SUBJECT ADDED ENTRY--TOPICAL TERM
Topical term or geographic name as entry element School principals
Form subdivision Juvenile fiction.
650 #0 - SUBJECT ADDED ENTRY--TOPICAL TERM
Topical term or geographic name as entry element Heroes
Form subdivision Juvenile fiction.
650 #1 - SUBJECT ADDED ENTRY--TOPICAL TERM
Topical term or geographic name as entry element Imagination
Form subdivision Fiction.
650 #1 - SUBJECT ADDED ENTRY--TOPICAL TERM
Topical term or geographic name as entry element Schools
Form subdivision Fiction.
650 #1 - SUBJECT ADDED ENTRY--TOPICAL TERM
Topical term or geographic name as entry element School principals
Form subdivision Fiction.
650 #1 - SUBJECT ADDED ENTRY--TOPICAL TERM
Topical term or geographic name as entry element Heroes
Form subdivision Fiction.
650 #1 - SUBJECT ADDED ENTRY--TOPICAL TERM
Topical term or geographic name as entry element Humorous stories.
655 #7 - INDEX TERM--GENRE/FORM
Genre/form data or focus term Humorous fiction.
Source of term lcgft.
655 #7 - INDEX TERM--GENRE/FORM
Genre/form data or focus term Downloadable audiobooks.
Source of term local.
655 #7 - INDEX TERM--GENRE/FORM
Genre/form data or focus term Audiobooks.
Source of term lcgft.
700 1# - ADDED ENTRY--PERSONAL NAME
Personal name Garibaldi, Jose.
942 ## - ADDED ENTRY ELEMENTS (KOHA)
Koha item type Libro/Book
Holdings
Withdrawn status Lost status Damaged status Not for loan Home library Current library Shelving location Date acquired Total Checkouts Full call number Barcode Date last seen Price effective from Koha item type
        San Juan Del Sur -- Biblioteca San Juan Del Sur -- Biblioteca English 23/06/2023   JF 30023133 23/06/2023 23/06/2023 Libro/Book

Powered by Koha